| 000 | 01044nam a2200265Ia 4500 | ||
|---|---|---|---|
| 001 | ebr10057994 | ||
| 003 | CaPaEBR | ||
| 006 | m u | ||
| 007 | cr cn||||||||| | ||
| 008 | 040728s2002 at s 000 0 eng d | ||
| 020 | _z1740760212 | ||
| 040 |
_aCaPaEBR _cCaPaEBR |
||
| 035 | _a(OCoLC)70772927 | ||
| 050 | 1 | 4 |
_aDU180.N6 _bO36 2002eb |
| 100 | 1 | _aO'Collins, Maev. | |
| 245 | 1 | 3 |
_aAn uneasy relationship _h[electronic resource] : _bNorfolk Island and the commonwealth of Australia / _cMaeve O'Collins. |
| 260 |
_aCanberra, Australia : _bPandanus Books, _c2002. |
||
| 300 | _axx, 175 p. | ||
| 533 |
_aElectronic reproduction. _bPalo Alto, Calif. : _cebrary, _d2009. _nAvailable via World Wide Web. _nAccess may be limited to ebrary affiliated libraries. |
||
| 651 | 0 |
_aAustralia _xHistory. |
|
| 651 | 0 |
_aNorfolk Island _xHistory. |
|
| 655 | 7 |
_aElectronic books. _2local |
|
| 710 | 2 | _aebrary, Inc. | |
| 856 | 4 | 0 |
_uhttp://site.ebrary.com/lib/rucke/Doc?id=10057994 _zAn electronic book accessible through the World Wide Web; click to view |
| 999 |
_c68002 _d68002 |
||